000 01352cam a2200181 4500500
005 20260329023025.0
041 _afre
042 _adc
100 1 0 _aArtus, Patrick
_eauthor
700 1 0 _aCoatanlem, Yann
_eauthor
700 1 0 _aCoste, Olivier
_eauthor
245 0 0 _aInnovation et croissance : l’indispensable flexisécurité
260 _c2026.
500 _a9
520 _aLa flexisécurité, réussite danoise, suscite l’intérêt des pays européens sans qu’ils n’osent franchir le pas. Pourtant, la révolution numérique impose un réveil : le décrochage économique face aux États-Unis s’accompagne désormais d’une dépendance militaire critique, illustrée en Ukraine et au Groenland. Mario Draghi lie ce retard à la « tech », secteur défini par un fort taux d’échec. Si la protection de l’emploi en Europe est compatible avec les industries traditionnelles, elle entrave l’innovation en tech car le coût prohibitif de l’échec anéantit la rentabilité et paralyse l’investissement. Une flexisécurité ciblée est donc devenue vitale pour notre souveraineté technologique et notre prospérité. P. A., Y. C. & O. C.
786 0 _nCommentaire | 193 | 1 | 2026-03-05 | p. 63-70 | 0180-8214
856 4 1 _uhttps://shs.cairn.info/revue-commentaire-2026-1-page-63?lang=fr&redirect-ssocas=7080
999 _c1924304
_d1924304